000 00511nam a2200169Ia 4500
005 20250923144401.0
008 008 250917s9999 xx 000 0 eng d
037 _aReference
040 _aDSWL
_beng
_cDSWL
041 _aeng
_2eng
084 _aYXp73,M74, N36
_qDSWL
245 0 _aProceedings of the National Conf. of Social Work, Atlantic City, 1936
260 _aNew York
_b Univ of Chicago Press
_c1936
300 _a655 p.
942 _cREF
_hYXp73,M74, N36
999 _c1438176
_d1438176